000 00667cam a22002413a 4500
001 18546
003 PGUSA
005 20140828083408.0
008 060610s2006||||xxu|||||s|||||000 | eng d
040 _aPGUSA
_beng
042 _adc
050 4 _aPZ
245 1 0 _aDenslow's Mother Goose
_h[electronic resource]
260 _bProject Gutenberg,
_c2006
506 _aPublic domain in the USA.
516 _aElectronic text
653 _aNursery rhymes
653 _aPicture books for children
700 1 _aDenslow, W. W.
_q(William Wallace),
_d1856-1915
830 0 _aProject Gutenberg
_v18546
856 4 0 _uhttp://www.gutenberg.org/ebooks/18546
942 _cEB
999 _c247801
_d247801